000
00279nam a22001097a 4500
008
240713b |||||||| |||| 00| 0 eng d
100
_a
Jaswandnath, Nageli
_9
17009
245
_a
Adwitabla Avidya
260
_a
Darbanga:
_b
Mithala vidhyapith;
_c
1962.
300
_a
243p.
942
_c
BK
999
_c
39132
_d
39132